000 00572nam a22002057a 4500
003 OSt
005 20140310182928.0
008 130130t xxu||||| |||| 00| 0 eng d
020 _a9789718845530
050 _aPL 5539
_b.J83 2011
082 _aFIL 899.210301
_bJ83 2011
245 _aThe feet of Juan Bacnang :
_ba novel
_cF. Sionil Jose.
260 _aManila, Philippines :
_bSolidaridad Pub. House,
_cc2011.
300 _a264 p. ;
_c23 cm.
521 _acollege students
526 _c1210L-1700L
541 _j1
562 _e1
942 _2lcc
_cBK
_kFIL
999 _c17462
_d17462